| 000 | 00322nam a22001097a 4500 | ||
|---|---|---|---|
| 999 |
_c507127 _d507127 |
||
| 082 | _aI5537 C268 | ||
| 100 |
_aKolkata, Kesoram Industries _9756 |
||
| 245 |
_a Annual Report and Accounts, 2017-18 _cby Kesoram Industries |
||
| 260 |
_aKolkata _bKesoram Industries _c2018 |
||
| 300 | _a200p. | ||
| 500 | _aLibrary has 99th Report | ||